Normal view
MARC view
- البيوع القديمة
Entry Topical Term
001 - CONTROL NUMBER
- control field: 30585
003 - CONTROL NUMBER IDENTIFIER
- control field: JO-AjAnu
005 - DATE AND TIME OF LATEST TRANSACTION
- control field: 20230606075147.0
008 - FIXED-LENGTH DATA ELEMENTS
- fixed length control field: 230606|| aca||aabn | a|a d
040 ## - CATALOGING SOURCE
- Original cataloging agency: JO-AjAnu
- Transcribing agency: JO-AjAnu
150 ## - HEADING--TOPICAL TERM
- Topical term or geographic name entry element: البيوع القديمة
670 ## - SOURCE DATA FOUND
- Source citation: Work cat.: (JO-AjAnu)15709: السباتين،يوسف احمد محمود, author 30584, البيوع القديمة والمعاصرة والبورصات المحلية والدولية